El periódico de Egipto
Guardat en:
| Autors principals: | , |
|---|---|
| Format: | Llibre |
| Idioma: | espanyol |
| Publicat: |
Barcelona
B
1998
|
| Matèries: | |
| Etiquetes: |
Afegir etiqueta
Sense etiquetes, Sigues el primer a etiquetar aquest registre!
|
MARC
| LEADER | 00000nam a2200000 a 4500 | ||
|---|---|---|---|
| 001 | UCN8778 | ||
| 003 | CL-VaPUC | ||
| 008 | 011116e19980000SP |||||||||||||||||spa|d | ||
| 082 | 0 | 4 | |a 932 |b STE |2 21 |
| 100 | 0 | |a Steedman, Scott |e author |9 465254 | |
| 700 | 0 | |a Putnam, James |e author |9 465255 | |
| 245 | 1 | 3 | |a El periódico de Egipto |
| 300 | |a 32 p | ||
| 942 | |c BK | ||
| 945 | |d 20011116 00:00:00 |a crobeson | ||
| 260 | |a Barcelona |b B |c 1998 | ||
| 650 | 7 | |a HISTORIA DE EGIPTO - MATERIAL DIDACTICO |2 CL-VaPUC |9 465256 | |
| 650 | 0 | |a Historia antigua |9 267521 | |
| 651 | 0 | |a Egipto |9 268199 | |
| 583 | |a last modification |c 20011116 00:00:00 |k Rodrigo Vera | ||
| 999 | |c 298529 |d 298527 | ||
| 952 | |0 0 |1 0 |4 0 |6 932_000000000000000_STE_1998 |7 0 |8 A |9 354152 |a BIBHIS |b BIBHIS |d 2019-11-21 |i 374454K |o 932 STE 1998 |p 374454K |r 2025-01-20 |w 2019-11-21 |y BK |k HIS | ||